Transient Heat Conductin through a Rod by using Different explicit schemes of "CFD" (Record no. 323325)
[ view plain ]
| 000 -LEADER | |
|---|---|
| fixed length control field | 00403 a2200145 4500 |
| 001 - CONTROL NUMBER | |
| control field | 88252 |
| 082 ## - DEWEY DECIMAL CLASSIFICATION NUMBER | |
| Classification number | PR 477 |
| 090 ## - LOCALLY ASSIGNED LC-TYPE CALL NUMBER (OCLC); LOCAL CALL NUMBER (RLIN) | |
| -- | 41666 |
| -- | 41666 |
| 100 ## - MAIN ENTRY--PERSONAL NAME | |
| Personal name | Haider Ali |
| 245 ## - TITLE STATEMENT | |
| Title | Transient Heat Conductin through a Rod by using Different explicit schemes of "CFD" |
| Statement of responsibility, etc. | Shakil Ahmed Sheikh |
| Name of part/section of a work | CAEG-52 (A) |
| 250 ## - EDITION STATEMENT | |
| Edition statement | 1st |
| 260 ## - PUBLICATION, DISTRIBUTION, ETC. | |
| Place of publication, distribution, etc. | Risalpur |
| Name of publisher, distributor, etc. | NUST |
| Date of publication, distribution, etc. | 2000 |
| 300 ## - PHYSICAL DESCRIPTION | |
| Extent | 114p |
| 500 ## - GENERAL NOTE | |
| General note | BE Project Reports |
| 942 ## - ADDED ENTRY ELEMENTS (KOHA) | |
| Institution code [OBSOLETE] | CAE NUST |
| Call number prefix | PR 477 |
| Withdrawn status | Lost status | Damaged status | Not for loan | Collection code | Permanent Location | Current Location | Date acquired | Total Checkouts | Full call number | Barcode | Date last seen | Price effective from | Koha item type |
|---|---|---|---|---|---|---|---|---|---|---|---|---|---|
| College of Aeronautical Engineering (CAE) | College of Aeronautical Engineering (CAE) | 04/03/2017 | PR 477 | CAEPR-477 | 04/05/2017 | 04/05/2017 | Book |
